Organizational behavior: (Record no. 26859)

MARC details
000 -LEADER
fixed length control field 00925nam a22002411 4500
005 - DATE AND TIME OF LATEST TRANSACTION
control field 2009052700440.0
008 - FIXED-LENGTH DATA ELEMENTS--GENERAL INFORMATION
fixed length control field 710622s1966 enka 000 0 eng
010 ## - LCCN (DPL NO)
LC control number ENG-93756
020 ## - INTERNATIONAL STANDARD BOOK NUMBER
International Standard Book Number 9788184881851
Terms of availability 495.00
035 ## - SYSTEM CONTROL NUMBER
System control number EN-77289
037 ## - SOURCE OF ACQUISITION
Source of stock number/acquisition DBAD / PUB
040 ## - CATALOGING SOURCE
Original cataloging agency dpl
Language of cataloging English
082 ## - DEWEY DECIMAL CLASSIFICATION NUMBER
Classification number 658.1
100 ## - MAIN ENTRY--PERSONAL NAME
Personal name Niraj Kumar
245 ## - TITLE STATEMENT
Title Organizational behavior:
Statement of responsibility, etc by Niraj Kumar
Remainder of title a new look concept, theory & cases /
260 ## - PUBLICATION, DISTRIBUTION, ETC. (IMPRINT)
Place of publication, distribution, etc New Delhi
Name of publisher, distributor, etc Himalaya Publishing House
Date of publication, distribution, etc 2009
270 ## - ADDRESS
Address Pooja Apartment, 4-B, Murari Lal Street, Ansari Road, Daryaganj
City New Delhi
Postal code 110002
300 ## - PHYSICAL DESCRIPTION
Extent 661p.
Dimensions 30cm(pbk)
650 ## - SUBJECT ADDED ENTRY--TOPICAL TERM
Topical term or geographic name as entry element Organizational behavior
650 ## - SUBJECT ADDED ENTRY--TOPICAL TERM
Topical term or geographic name as entry element Management
942 ## - ADDED ENTRY ELEMENTS (KOHA)
Source of classification or shelving scheme Dewey Decimal Classification
Item type English Books
Classification part 658.1
Call number suffix NIR
Holdings
Withdrawn status Lost status Source of classification or shelving scheme Damaged status Not for loan Collection code Home library Current library Date acquired Source of acquisition Cost, normal purchase price Total Checkouts Full call number Barcode Date last seen Copy number Cost, replacement price Koha item type
    Dewey Decimal Classification   Not For Loan Non-fiction D.B.Act.Division D.B.Act.Division 27/05/2009 DBAD / PUB 495.00   658.1 NIR EN-77289 27/05/2009 1 495.00 English Books

© Delhi Public Library
Hit Counter
free hit counter